| 000 | 00673nam a22002297a 4500 | ||
|---|---|---|---|
| 003 | DO-SdBNP | ||
| 005 | 20240904124529.0 | ||
| 008 | 161027b2006 sp || 00| 0 spa d | ||
| 020 | _a8498202981 | ||
| 040 |
_aBPMSU _bspa _cBPMSU |
||
| 082 | 4 |
_a863 _bR236p 2006 _222 |
|
| 245 | 0 | 3 |
_aLa ratita presumida / _cIlustrado por Lancman Ink |
| 260 |
_aBarcelona : _bDiario el Pais , _c2006 |
||
| 300 |
_a39 p. : _bil. ; _c21 cm |
||
| 490 | 0 |
_aCuentos Infantiles ; _v4 |
|
| 590 | _aInventariado, 2024/VM | ||
| 650 | 4 | _aCuentos infantiles | |
| 650 | 4 | _aLiteratura infantil | |
| 700 | 1 |
_aInk, Lancman _eilustración |
|
| 910 | _aVMateo V. Control de calidad BPMSU | ||
| 942 |
_2ddc _cBK |
||
| 999 |
_c11696 _d11696 |
||